[Event "3rd Memorial Hulak 2018"]
[Site "Zagreb"]
[Date "2018.12.04"]
[Round "4.9"]
[White "Ostovic, Matija"]
[Black "Enchev, Ivajlo"]
[Result "0-1"]
[WhiteElo "2377"]
[BlackElo "2491"]
[Annotator "TA"]
[PlyCount "84"]
[EventDate "2018.11.26"]
[EventCountry "CRO"]
[SourceTitle "playchess.com"]
[Source "ChessBase"]
[SourceQuality "1"]

{[%evp 18,84,41,25,36,47,52,59,46,35,61,30,34,0,0,0,0,0,0,0,0,0,-5,-8,0,0,0,-14,-12,-86,-87,-81,-62,-73,-85,-64,-59,-143,0,-145,-52,-396,-366,-418,-373,-653,-659,-620,-625,-758,-758,-872,-724,-1015,-864,-600,-365,-2232,-2113,-29971,-29973,-29989,-29990,-29996,-29997,-29997,-458,-29998,-29999]} 1. d4 Nf6 2. c4 e6 3. Nf3 c5 4. e3 d5 5. a3 Nc6 6. dxc5 {D30: Queen's Gambit Declined: Systems without Nc3} Bxc5 7. b4 Bd6 (7... Be7 8. Bb2 O-O 9. Nbd2 a5 10. b5 Nb8 11. g4 Nbd7 12. g5 Ne8 13. h4 Nc5 14. Qc2 b6 15. cxd5 Bb7 16. dxe6 fxe6 17. Rh3 Rc8 18. Rd1 Nd6 {1-0 (30) Carlsen,M (2834)-Olafsson,H (2508) chess.com INT 2018}) 8. Bb2 O-O 9. Nbd2 Qe7 10. Bd3 {LiveBook: 4 Games} Rd8 11. O-O a6 12. Qc2 h6 13. e4 $146 {Threatens to win with e5.} ({Predecessor:} 13. cxd5 exd5 14. e4 Ne5 15. Nxe5 Bxe5 16. Bxe5 Qxe5 {0-1 (53) Cherednichenko,S (2297)-Zawadzka,J (2400) Tbilisi 2011}) 13... d4 14. b5 (14. e5 $5 Nxe5 15. c5 $11) 14... Ne5 15. Bxd4 Nxd3 16. Qxd3 {Strongly threatening e5.} e5 {aiming for ...Bc7.} 17. Bb6 Bc7 18. Qe3 Bxb6 19. Qxb6 Bg4 20. Qe3 axb5 21. cxb5 Ra4 22. Qb3 Bxf3 23. Qxa4 (23. Nxf3 $11 Rxe4 24. Rac1) 23... Rxd2 $17 24. gxf3 {Rfd1 is the strong threat.} Nh5 $1 25. Qc4 Nf4 $1 {[%mdl 1024] Black has strong compensation.} 26. Kh1 Kh7 $1 {Hoping for ...Qg5.} 27. Qc8 (27. Rg1 $15) 27... h5 (27... Nd3 $1 $17 28. Rac1 Nxc1 29. Rxc1 g6) 28. Qc3 (28. Rac1 $1 $11) 28... Rd3 $40 {[%mdl 128] Black is up to no good.} (28... Qe6 $1 $17 {[%cal Re6h3]} 29. Rg1 (29. Qxd2 Qh3 $17) 29... Rxf2) 29. Qb2 $2 {[%mdl 8192]} ({White should play} 29. Qc8 $15) 29... Rxf3 $19 30. Rg1 {[#]} Qh4 $1 {[%cal Rh4h2]} ({Inferior is} 30... Nd3 31. Qe2 $11) 31. Rg2 $2 (31. Qxe5 $2 {[#] leads to mate.} Qxh2+ $1 {[%mdl 512]} 32. Kxh2 Rh3#) (31. Rxg7+ Kxg7 32. Qxe5+ Qf6 33. Qxf6+ Kxf6 34. a4) 31... Nxg2 {[%mdl 64] Discovered Attack} 32. Kxg2 Qxe4 {[%mdl 4096] Endgame ( -> ...Rb3+). KQR-KQR} 33. Qb4 Qf5 34. Qd2 Qg4+ 35. Kf1 e4 36. Re1 Rxa3 37. Qd5 $2 (37. Re3 Qg5 38. Qd7 Rxe3 39. fxe3) 37... f5 38. Qd4 Rd3 39. Qe5 h4 {[%cal Bh5h4,Bh4h3][%mdl 32]} 40. Rc1 Rd1+ 41. Rxd1 Qxd1+ 42. Kg2 {[#]} h3+ $1 {[%mdl 64] Decoy. Accuracy: White = 37%, Black = 76%.} 0-1

[Event "3rd Memorial Hulak 2018"]
[Site "Zagreb"]
[Date "2018.12.05"]
[Round "4.10"]
[White "Tica, Sven"]
[Black "Vujakovic, Branko"]
[Result "1/2-1/2"]
[WhiteElo "2439"]
[BlackElo "2341"]
[Annotator "TA"]
[PlyCount "118"]
[EventDate "2018.11.26"]
[EventCountry "CRO"]
[SourceTitle "playchess.com"]
[Source "ChessBase"]
[SourceQuality "1"]

{[%evp 18,118,47,33,47,49,52,54,48,48,61,43,43,44,46,35,35,35,34,34,34,34,37,34,34,34,35,34,34,11,18,0,4,-19,-27,-19,-20,-30,0,0,0,0,0,0,0,0,0,0,0,0,5,0,0,-22,-4,-21,0,0,0,0,0,0,0,0,0,0,0,0,0,0,26,27,27,18,18,18,54,58,37,6,18,0,0,0,39,57,50,8,8,8,8,8,8,0,0,0,0,0,0,0,0,0,0]} 1. Nf3 Nf6 2. g3 g6 3. Bg2 Bg7 4. O-O O-O 5. d4 d5 6. c4 dxc4 7. Na3 a5 8. Nxc4 Be6 9. b3 Bd5 {D77: Fianchetto Grünfeld: 6 0-0: Replies other than 6...c6} (9... Nc6 10. Bb2 Bd5 11. Rc1 Ra6 12. a3 Qc8 13. e3 Rd8 14. Qe2 Ne4 15. Rc2 b5 16. Ncd2 Nxd2 17. Nxd2 Bxg2 18. Kxg2 e5 19. d5 Rxd5 {1-0 (84) Melkumyan,H (2624)-Mikaelyan,A (2444) Yerevan 2017}) 10. a4 {LiveBook: 3 Games} e6 $146 ({Predecessor:} 10... Nc6 11. Bb2 Nb4 12. e3 c6 13. Qe2 Be4 14. Nfe5 Bxg2 15. Kxg2 b5 16. Nd2 Nd7 17. Nef3 Qb8 18. Rfd1 Rd8 19. Ne4 Nf6 20. Nc5 Nd7 {½-½ (46) Schmidt,P (2384)-Poetsch,H (2514) Austria 2016}) 11. e3 Re8 {White is slightly better.} 12. Ba3 Nc6 13. Qe2 Bf8 14. Bxf8 Rxf8 15. Rfd1 Qe7 16. Ne1 {[%cal Bf3e1,Be1d3,Bd3e5][%mdl 32]} Rfd8 17. Nd3 Bxg2 18. Kxg2 Nd5 {White should prevent ...Nc3.} 19. Rac1 Ndb4 20. Nce5 Nxe5 21. Nxe5 f6 22. Nc4 Nc6 23. h4 Rd5 24. Qb2 Rad8 25. Na3 e5 {[%cal Re5d4]} 26. Nb5 exd4 27. exd4 R8d7 28. Re1 Qf7 {[%cal Rc6d4]} 29. Qc3 Rf5 30. Re3 Rfd5 31. Qe1 Kf8 32. Rc4 Re7 (32... Rd8 {is interesting.} 33. Qd1 R5d7 34. Rec3 Kg7 35. Qf3 h6) 33. Rxe7 Qxe7 34. Qe3 Rd7 35. Rc2 Qf7 36. Qf3 Kg8 37. Rd2 Qd5 38. Qxd5+ Rxd5 $11 {[%mdl 4096] Endgame KRN-KRN} 39. Kf3 f5 40. Ke3 Rd7 41. Kd3 Nb4+ 42. Kc4 c6 43. Nc3 Nd5 44. Nxd5 Rxd5 {KR-KR} 45. b4 axb4 46. Rb2 Kf7 47. Rxb4 Rd7 48. Kc5 Ke6 49. a5 Rd5+ 50. Kc4 Rd7 51. Rb6 Kd6 52. a6 (52. d5 $5) 52... bxa6 {The position is equal.} 53. d5 Rc7 54. Rxa6 {Threatens to win with Kd4.} Kd7 $1 55. Ra8 cxd5+ 56. Kxd5 Ke7 57. Ke5 Kf7 58. h5 Kg7 59. hxg6 hxg6 {Accuracy: White = 58%, Black = 74%.} 1/2-1/2

[Event "3rd Memorial Hulak 2018"]
[Site "Zagreb"]
[Date "2018.12.05"]
[Round "4.11"]
[White "Hecht, Hans-Joachim"]
[Black "Rogulj, Branko"]
[Result "1-0"]
[WhiteElo "2332"]
[BlackElo "2409"]
[Annotator "ChessBase"]
[PlyCount "113"]
[EventDate "2018.11.26"]
[EventCountry "CRO"]
[SourceTitle "playchess.com"]
[Source "ChessBase"]
[SourceQuality "1"]

1. d4 Nf6 2. c4 c5 3. Nf3 cxd4 4. Nxd4 Nc6 5. Nc3 e6 6. a3 Nxd4 7. Qxd4 b6 8. Bf4 Bc5 9. Qd3 O-O 10. Bd6 Bxd6 11. Qxd6 Ba6 12. e4 Rc8 13. e5 Ng4 14. Qd4 f5 15. h3 Nh6 16. O-O-O Qc7 17. Kb1 Rfd8 18. f4 Nf7 19. c5 bxc5 20. Qa4 Bb7 21. Qc4 Rb8 22. Rh2 d5 23. exd6 Rxd6 24. Rxd6 Qxd6 25. g4 Be4+ 26. Nxe4 fxe4 27. Re2 Qxf4 28. Rxe4 Qf6 29. Qe2 Rb6 30. Bg2 e5 31. Rc4 Qd6 32. Rc2 Rb8 33. Qc4 Qd1+ 34. Ka2 Kh8 35. Qxc5 Qd7 36. Qd5 Qe7 37. Qc5 Nd6 38. Rd2 Rb6 39. Re2 e4 40. Bxe4 Rb5 41. Bd3 Qf7+ 42. Bc4 Rxc5 43. Bxf7 g6 44. Bb3 a5 45. Re7 Nb5 46. Rd7 Nc7 47. Bf7 a4 48. Rd4 Kg7 49. Rc4 Rxc4 50. Bxc4 Kf6 51. b3 axb3+ 52. Kxb3 Kg5 53. Kb4 Kh4 54. Kc5 g5 55. Kc6 Ne8 56. a4 Kxh3 57. a5 1-0

[Event "3rd Memorial Hulak 2018"]
[Site "Zagreb"]
[Date "2018.12.05"]
[Round "4.12"]
[White "Takac, Zvonko"]
[Black "Bukal, Vladimir Jr."]
[Result "0-1"]
[WhiteElo "2015"]
[BlackElo "2390"]
[Annotator "RC"]
[PlyCount "114"]
[EventDate "2018.11.26"]
[EventCountry "CRO"]
[SourceTitle "playchess.com"]
[Source "ChessBase"]
[SourceQuality "1"]

1. d4 e6 2. Nf3 b6 3. g3 Bb7 4. Bg2 f5 5. O-O Nf6 6. c4 Na6 7. Nc3 Bb4 8. Bg5 Bxc3 9. bxc3 O-O 10. Qb3 Nb8 11. a4 Be4 12. a5 Nc6 13. axb6 axb6 14. Ne5 Rxa1 15. Rxa1 Na5 16. Qa4 Bxg2 17. Kxg2 d6 18. Bxf6 Qa8+ 19. f3 Rxf6 20. Nd3 Rf8 21. c5 dxc5 22. dxc5 Qd5 23. Qd4 Nc4 24. Qxd5 exd5 25. cxb6 Nxb6 26. Ne5 Rc8 27. f4 Kf8 28. Kf3 Ke7 29. c4 dxc4 30. Rc1 Kd6 31. Nxc4+ Nxc4 32. Rxc4 c5 33. e4 fxe4+ 34. Kxe4 Re8+ 35. Kd3 Ra8 36. Ke4 Re8+ 37. Kd3 Ra8 38. Ke4 Ra7 39. f5 Ra2 40. h4 Rb2 41. Rc1 Rb4+ 42. Kf3 h5 43. Re1 Rg4 44. Re8 c4 45. Rh8 Rd4 46. Rxh5 c3 47. Rh8 Kd7 48. f6 c2 49. fxg7 c1=Q 50. g8=Q Qf1+ 51. Ke3 Rd3+ 52. Ke4 Qf3+ 53. Ke5 Re3+ 54. Kd4 Re4+ 55. Kc5 Qc3+ 56. Kb5 Rb4+ 57. Ka5 Qa3# 0-1

[Event "3rd Memorial Hulak 2018"]
[Site "Zagreb"]
[Date "2018.12.05"]
[Round "5.1"]
[White "Kozul, Zdenko"]
[Black "Martinovic, Sasa"]
[Result "0-1"]
[WhiteElo "2601"]
[BlackElo "2554"]
[Annotator "RC"]
[PlyCount "80"]
[EventDate "2018.11.26"]
[EventCountry "CRO"]
[SourceTitle "playchess.com"]
[Source "ChessBase"]
[SourceQuality "1"]

1. d4 Nf6 2. c4 e6 3. Nf3 d5 4. Nc3 dxc4 5. e3 a6 6. Bxc4 b5 7. Be2 Bb7 8. O-O Nbd7 9. Ng5 h6 10. Bf3 Bxf3 11. Nxf3 c5 12. d5 exd5 13. Nxd5 Nb6 14. Nxb6 Qxb6 15. a4 Rd8 16. Qc2 Be7 17. axb5 axb5 18. Bd2 Qb7 19. Bc3 Ne4 20. Bxg7 Rg8 21. Be5 Nd2 22. Bg3 Nxf1 23. Kxf1 Qd5 24. Ra7 Rg4 25. Bf4 c4 26. Ne5 Qxg2+ 27. Ke2 Rxf4 28. Rxe7+ Kxe7 29. exf4 Rd6 30. Qf5 Qd5 31. Ke3 Qe6 32. Qh7 b4 33. Qe4 c3 34. Qxb4 f6 35. Qb7+ Rd7 36. Qb4+ Rd6 37. Qb7+ Rd7 38. Qb4+ Ke8 39. Qb8+ Rd8 40. Qb5+ Kf8 0-1

[Event "3rd Memorial Hulak 2018"]
[Site "Zagreb"]
[Date "2018.12.05"]
[Round "5.2"]
[White "Livaic, Leon"]
[Black "Nikolov, Momchil"]
[Result "0-1"]
[WhiteElo "2474"]
[BlackElo "2567"]
[Annotator "TA"]
[PlyCount "137"]
[EventDate "2018.11.26"]
[EventCountry "CRO"]
[SourceTitle "playchess.com"]
[Source "ChessBase"]
[SourceQuality "1"]

{[%evp 20,137,33,19,18,4,12,6,8,13,21,0,0,4,22,22,22,1,12,0,14,-22,-23,-27,-34,-27,-18,-31,-19,-19,-23,-13,-19,-19,-18,-17,-10,-25,-17,-29,-27,-47,-45,-108,-108,-114,-116,-128,-135,-145,-127,-128,-128,-130,-128,-142,-142,-142,-135,-135,-135,-135,-135,-135,-135,-135,-135,-135,-135,-135,-128,-128,-128,-128,-128,-128,-128,-128,-128,-128,-128,-128,-120,-128,-128,-128,-128,-128,0,-120,0,-128,-128,-128,0,-128,-127,-127,-127,-128,-128,-128,-128,-128,-128,-128,-128,-142,-147,-5658,-4208,-29975,-29976,-29975,-29971,-29983,-29984,-29984,-29984,-29984]} 1. d4 Nf6 2. c4 e6 3. Nf3 Bb4+ 4. Bd2 Bxd2+ 5. Nbxd2 d6 6. g3 b6 7. Bg2 Bb7 8. O-O O-O 9. Qc2 c5 {E16: Queen's Indian: 4 g3 Bb7 5 Bg2 Bb4+} 10. e4 cxd4 11. Nxd4 {LiveBook: 4 Games} a6 {The position is equal.} 12. Rfe1 $146 ({Predecessor:} 12. Rad1 Qc7 13. b3 Nc6 14. Nxc6 Bxc6 15. Rfe1 Rac8 16. Nf3 Bb7 17. Qd3 {1-0 (61) Burmakin,V (2581)-Efimov,I (2426) Bratto 2007}) 12... Qc7 13. Rad1 Nc6 14. Nxc6 Qxc6 15. Qd3 Rfd8 16. Nf3 Rd7 17. Nd4 Qc5 18. b3 b5 19. cxb5 axb5 20. Qxb5 Rxa2 21. e5 Qxb5 $1 22. Nxb5 Bxg2 23. exf6 Bf3 24. Rxd6 Rxd6 25. Nxd6 gxf6 $11 {[%mdl 4096] Endgame KRB-KRN} 26. Rb1 Kf8 27. Nc4 Ke7 28. h3 h5 29. Ne3 Be4 30. Re1 f5 31. Ng2 (31. Nc4 $15) 31... Rb2 $17 32. h4 Rxb3 33. Nf4 Bf3 34. Kh2 Rb2 35. Kg1 Kf6 36. Kf1 Ra2 37. Re3 Ra1+ 38. Re1 Ra3 39. Re3 Rxe3 40. fxe3 {KB-KN} Ke5 {Threatens to win with ...Ke4.} 41. Nh3 Bg4 42. Nf2 Kd5 43. Ke1 e5 44. Kd2 f6 45. Kd3 Bf3 46. Kd2 Bg2 47. Ke2 Kc4 48. Kd2 Bc6 49. Nd3 Bb5 50. Nf2 Kd5 51. Kc3 Ba6 52. Kd2 Bf1 53. Ke1 Bg2 54. Ke2 Kc4 55. Kd2 $1 Bf3 56. Nd3 Kd5 57. Nf2 $1 {[#]} f4 $1 {[%mdl 512]} 58. gxf4 (58. exf4 exf4) 58... exf4 59. Nd3 Ke4 $1 60. Nxf4 Kf5 $1 61. Kd3 Kg4 62. Ng6 Bd5 63. e4 {[#]} Bf7 $1 {[%cal Rf7g6]} 64. Nf8 $2 {[%mdl 8192]} (64. Ne7 $17) 64... Kxh4 $19 65. Nh7 Kg3 {Black mates.} 66. Nxf6 {[#]} h4 $1 {[%cal Bh5h4,Bh4h3][%mdl 32]} 67. e5 Bg6+ 68. Ke3 h3 69. Kd4 {Accuracy: White = 57%, Black = 71%.} 0-1

[Event "3rd Memorial Hulak 2018"]
[Site "Zagreb"]
[Date "2018.12.05"]
[Round "5.3"]
[White "Tomazini, Zan"]
[Black "Palac, Mladen"]
[Result "1/2-1/2"]
[WhiteElo "2437"]
[BlackElo "2553"]
[Annotator "ChessBase"]
[PlyCount "114"]
[EventDate "2018.11.26"]
[EventCountry "CRO"]
[SourceTitle "playchess.com"]
[Source "ChessBase"]
[SourceQuality "1"]

1. e4 c5 2. Nf3 d6 3. Bb5+ Nd7 4. O-O a6 5. Bd3 Ngf6 6. Re1 e6 7. c3 b5 8. Bc2 c4 9. d4 cxd3 10. Qxd3 Bb7 11. a4 Nc5 12. Qe2 bxa4 13. e5 dxe5 14. Nxe5 Qd5 15. f3 Bd6 16. Nd2 Qxe5 17. Qxe5 Bxe5 18. Rxe5 Nfd7 19. Rg5 O-O 20. Bxa4 Nxa4 21. Rxa4 f5 22. Rd4 Ne5 23. Nc4 Nf7 24. Rh5 Rad8 25. Be3 g6 26. Rh3 e5 27. Rxd8 Rxd8 28. f4 Rd1+ 29. Kf2 Bd5 30. Nxe5 Nxe5 31. fxe5 Rb1 32. Bd2 Rxb2 33. Rd3 Be6 34. Kg3 Kf7 35. Bg5 Rc2 36. Bd8 Re2 37. Rd6 Rxe5 38. Rxa6 Re3+ 39. Kf4 Re4+ 40. Kf3 Bd5 41. Rd6 Ba8 42. Kf2 Ra4 43. Rd2 Ra3 44. c4 Rc3 45. Rd7+ Ke8 46. Rxh7 Rc2+ 47. Ke3 Rxc4 48. Bf6 Bxg2 49. Rg7 f4+ 50. Kf2 Be4 51. Bg5 Kf8 52. Bh6 Rc2+ 53. Ke1 Rxh2 54. Rxg6+ Kf7 55. Rg4 Rxh6 56. Rxf4+ Rf6 57. Rxf6+ Kxf6 1/2-1/2

[Event "3rd Memorial Hulak 2018"]
[Site "Zagreb"]
[Date "2018.12.05"]
[Round "5.4"]
[White "Sulava, Nenad"]
[Black "Cvitan, Ognjen"]
[Result "1/2-1/2"]
[WhiteElo "2425"]
[BlackElo "2503"]
[Annotator "ChessBase"]
[PlyCount "23"]
[EventDate "2018.11.26"]
[EventCountry "CRO"]
[SourceTitle "playchess.com"]
[Source "ChessBase"]
[SourceQuality "1"]

1. e4 c5 2. Nf3 d6 3. c3 Nf6 4. d3 Nc6 5. Nbd2 e5 6. g3 g6 7. Bg2 Bg7 8. O-O O-O 9. a3 h6 10. b4 Be6 11. Bb2 b5 12. Re1 1/2-1/2

[Event "3rd Memorial Hulak 2018"]
[Site "Zagreb"]
[Date "2018.12.05"]
[Round "5.5"]
[White "Enchev, Ivajlo"]
[Black "Srbis, Jurica"]
[Result "0-1"]
[WhiteElo "2491"]
[BlackElo "2415"]
[Annotator "RC"]
[PlyCount "74"]
[EventDate "2018.11.26"]
[EventCountry "CRO"]
[SourceTitle "playchess.com"]
[Source "ChessBase"]
[SourceQuality "1"]

1. e4 g6 2. Nf3 Bg7 3. d4 d6 4. Bc4 Nf6 5. Qe2 c6 6. e5 dxe5 7. dxe5 Nd5 8. h3 O-O 9. O-O b5 10. Bb3 Na6 11. Rd1 Qc7 12. c4 Nb6 13. cxb5 Nc5 14. Nc3 Nxb3 15. axb3 c5 16. Bf4 Be6 17. Ne4 Bxb3 18. Rdc1 Rac8 19. Rxc5 Qd7 20. Rac1 Bd5 21. Rxc8 Rxc8 22. Rxc8+ Qxc8 23. Nc3 Bb7 24. Qd3 h6 25. b3 g5 26. Bg3 Qc5 27. Qd4 Qc8 28. Nd2 h5 29. Nc4 h4 30. Bh2 Qf5 31. Na5 Nd5 32. Ne4 Nf4 33. Bxf4 Bxe4 34. Bxg5 Bxe5 35. Qd8+ Kh7 36. Qxe7 Bd5 37. Qc5 Qxg5 0-1

[Event "3rd Memorial Hulak 2018"]
[Site "Zagreb"]
[Date "2018.12.04"]
[Round "5.6"]
[White "Bukal, Vladimir Jr."]
[Black "Kotronias, Vasilios"]
[Result "0-1"]
[WhiteElo "2390"]
[BlackElo "2482"]
[Annotator "TA"]
[PlyCount "76"]
[EventDate "2018.11.26"]
[EventCountry "CRO"]
[SourceTitle "playchess.com"]
[Source "ChessBase"]
[SourceQuality "1"]

{[%evp 13,76,1,23,-12,13,4,18,24,38,35,53,14,24,7,88,17,31,0,0,25,40,0,0,0,0,0,0,0,0,0,0,-12,0,-9,0,-39,0,0,0,0,0,0,0,0,0,0,14,3,20,13,11,-56,-57,-57,-52,-159,-159,-159,-159,-148,-144,-2004,-1926,-1142,-824]} 1. d4 Nf6 2. Nf3 g6 3. Bg5 Bg7 4. Nbd2 O-O 5. c3 d6 6. e4 h6 7. Bh4 Nh5 {LiveBook: 30 Games} 8. Qc2 {A48: 1 d4 Nf6 2 Nf3 g6: Torre, London and Colle Systems} (8. h3 Nd7 9. g4 Nf4 10. Bg3 e5 11. Qc2 Nb6 12. Bxf4 exf4 13. Bg2 c5 14. O-O cxd4 15. cxd4 Be6 {0-1 (40) Tarlev,K (2578)-Feller,S (2623) Germany 2015}) 8... Nd7 9. Nc4 $146 ({Predecessor:} 9. Bc4 c6 10. a4 Ndf6 11. Ba2 Nf4 12. O-O N6h5 13. Rfe1 g5 14. Bg3 e5 15. dxe5 Bxe5 {½-½ (41) Kovacevic,S (2420)-Saldano Dayer,H (2360) Zaragoza 1997}) 9... c5 10. Ne3 {The position is equal.} cxd4 11. Nxd4 Nc5 12. Bc4 Bd7 13. O-O Rc8 (13... g5 $11 {remains equal.} 14. Bg3 Nxg3 15. hxg3 a6) 14. Rad1 (14. f4 $16) 14... Qe8 15. Rfe1 g5 16. Bg3 b5 17. Be2 (17. Bb3 $5) 17... Nxg3 18. hxg3 e6 $1 19. Bh5 Qd8 20. Ng4 b4 21. c4 Qb6 22. Kh2 Be8 23. Qd2 Rd8 24. Nb3 Nxb3 25. axb3 f5 26. Bxe8 {[#] And now exf5 would win.} fxg4 27. Bh5 Rxf2 28. Re2 Rdf8 29. Bxg4 Rf1 30. Bxe6+ Kh8 {( -> ...Qg1+)} 31. Rxf1 Rxf1 32. Qe3 ({White should try} 32. Re3 $11) 32... Bd4 $40 {[%mdl 128] Black attacks.} 33. Qd2 Be5 34. Qe3 {[#]} (34. Re3 $1 $15) 34... h5 $1 $17 {[%cal Bh6h5,Bh5h4][%mdl 32] Hoping for ...Qxe3.} 35. c5 Qxc5 36. Qxc5 dxc5 37. Bd7 $2 {[%mdl 8192]} (37. Rd2 $17) 37... g4 $19 38. Re3 h4 {Accuracy: White = 36%, Black = 53%.} 0-1

[Event "3rd Memorial Hulak 2018"]
[Site "Zagreb"]
[Date "2018.12.05"]
[Round "5.7"]
[White "Plenca, Jadranko"]
[Black "Hecht, Hans-Joachim"]
[Result "1-0"]
[WhiteElo "2475"]
[BlackElo "2332"]
[Annotator "TA"]
[PlyCount "125"]
[EventDate "2018.11.26"]
[EventCountry "CRO"]
[SourceTitle "playchess.com"]
[Source "ChessBase"]
[SourceQuality "1"]

{[%evp 11,125,34,53,50,61,39,59,35,76,38,33,0,0,-14,-6,-34,-24,-21,-22,-58,-65,-62,20,0,21,6,26,0,28,4,44,44,75,63,79,66,90,76,67,45,79,65,67,58,72,83,86,80,106,112,103,104,128,129,126,120,120,106,211,213,242,181,337,205,188,188,164,28,28,18,35,18,37,8,53,20,22,29,41,21,26,8,8,8,8,8,8,8,10,8,52,52,62,62,62,91,29980,29979,29983,29984,29989,29989,29989,0,29989,29989,29989,29979,29978,29979,29995,29995,29995,29996,29997,29998]} 1. e4 d6 2. d4 g6 3. Nc3 Bg7 4. Be3 a6 5. h4 {[%cal Bh2h4,Bh4h5][%mdl 32]} Nf6 6. f3 Nbd7 {LiveBook: 3 Games. B07: Pirc Defence: Miscellaneous Systems} (6... h5 7. Qd2 b5 8. O-O-O c6 9. Kb1 Qc7 10. Bf4 b4 11. Na4 a5 12. Bc4 Ba6 13. Bb3 Nbd7 14. Nh3 {1-0 (38) Leko,P (2693)-Saric,I (2652) Tallinn 2016}) 7. g4 h6 8. Nge2 $146 ({Predecessor:} 8. Qd2 b5 9. O-O-O Nb6 10. d5 Bb7 11. Bd4 Rc8 12. Nh3 {1-0 (28) Fritsche,F (2246)-Fitzian,H (2202) DESC email 2002}) 8... b5 {White is slightly better.} 9. Ng3 Bb7 10. h5 g5 11. a4 b4 12. Na2 c5 13. c3 bxc3 14. bxc3 e6 15. Qd2 Qc7 16. Kf2 Ke7 (16... O-O $15) 17. Bd3 Rhd8 18. Nc1 {[%cal Ba2c1,Bc1d3,Bd3b4][%mdl 32]} Rab8 19. a5 Bc6 20. Be2 cxd4 21. cxd4 Bb5 22. Nd3 Rdc8 23. Rhc1 Qb7 24. Rab1 Rxc1 25. Rxc1 Rc8 26. Rxc8 Qxc8 27. Nb4 $36 {[%mdl 2048] And now Bxb5 would win. White has some pressure.} Bxe2 28. Nxe2 Qc4 29. Qc3 Qxc3 30. Nxc3 Nb8 31. Na4 d5 32. e5 Nfd7 {[#]} 33. f4 $1 {[%cal Rf4g5]} gxf4 34. Bxf4 f6 (34... Kd8 $16 {was called for.}) 35. exf6+ $18 Kxf6 36. Nb6 e5 $2 (36... Kf7 {might work better.}) 37. N6xd5+ ({Less strong is} 37. N4xd5+ Kf7 $16) 37... Kf7 38. dxe5 Nxe5 39. Bxe5 (39. Ne3 $18) 39... Bxe5 {[%mdl 4096] Endgame KBN-KNN} 40. Kf3 Bd6 41. Ke4 Ke6 42. Nc2 {With the idea Ncb4.} Be5 43. Nce3 {Nf4+ is the strong threat.} Nd7 $1 44. Nf4+ Kf6 $1 45. Nh3 {Black must now prevent Kd5.} Ke6 $1 46. g5 {Black should prevent Nf4+.} Nc5+ 47. Kf3 hxg5 48. Nxg5+ Kf6 49. Kg4 Nb7 50. Ne4+ Ke6 51. Nc4 Bc7 52. h6 Kf7 53. Kf5 Nxa5 $2 {[%mdl 8192]} (53... Kg8 $16) 54. Ncd6+ Kf8 {[#]} 55. Ne8 $1 {[%mdl 512]} Kg8 (55... Kxe8 56. h7) 56. N8f6+ Kf8 {[#]} 57. Ne8 $1 {[%mdl 512]} Kg8 $1 (57... Kxe8 58. h7) 58. Nxc7 {White mates.} Nc6 59. Nd5 Kh7 60. Kg5 Ne5 61. Nef6+ Kh8 62. Nf4 a5 63. Kf5 {Accuracy: White = 46%, Black = 42%.} 1-0

[Event "3rd Memorial Hulak 2018"]
[Site "Zagreb"]
[Date "2018.12.04"]
[Round "5.8"]
[White "Bender, Ivan"]
[Black "Yankelevich, Lev"]
[Result "0-1"]
[WhiteElo "2252"]
[BlackElo "2441"]
[Annotator "TA"]
[PlyCount "52"]
[EventDate "2018.11.26"]
[EventCountry "CRO"]
[SourceTitle "playchess.com"]
[Source "ChessBase"]
[SourceQuality "1"]

{[%evp 18,52,78,60,60,43,40,29,43,31,29,30,43,-110,-110,-114,-105,-202,-178,-251,-239,-271,-267,-312,-304,-554,-531,-607,-566,-983,-992,-975,-925,-926,-884,-836,-837]} 1. d4 Nf6 2. c4 c5 3. d5 g6 4. Nc3 Bg7 5. e4 d6 6. Nf3 O-O 7. h3 e6 8. Bd3 Na6 9. O-O Re8 10. Bf4 {LiveBook: 3 Games. E90: King's Indian: Classical: Early deviations and 6 h3} (10. Bg5 h6 11. Be3 Nc7 12. Qd2 h5 13. Bg5 e5 14. Nh4 Qd7 15. f4 exf4 16. Bxf4 Nh7 17. Nf3 a6 18. Rae1 {1-0 (28) Laznicka,V (2671)-Hamitevici,V (2508) Brest 2018}) 10... Nc7 11. a4 e5 12. Be3 {White is slightly better.} Na6 $146 ({Predecessor:} 12... Nh5 13. Qd2 f5 14. Bg5 Bf6 15. Bxf6 Qxf6 16. Qh6 f4 17. Nb5 Na6 18. Kh2 {0-1 (61) Zhukova,N (2435)-Videnova,I (2301) Gaziantep 2012}) 13. Qd2 Nb4 14. Bb1 Rf8 15. Nxe5 $2 {[#]} (15. Bg5 $14 {stays ahead.}) 15... dxe5 $17 16. Bxc5 {[%mdl 64] Double Attack} a5 17. Bxb4 (17. Ra3 $17) 17... axb4 $19 18. Nb5 {[#]} (18. Na2 {keeps fighting.}) 18... Nh5 $1 19. Qxb4 Nf4 20. Ra3 Qg5 {[%csl Gf4][%cal Rg5g2]} 21. g4 $2 (21. Rg3 Ne2+ {[%mdl 64] Double Attack} 22. Kh2 Nxg3 23. fxg3) 21... h5 {[%cal Bh7h5,Bh5h4][%mdl 32] Black is clearly winning.} 22. Re1 Bd7 23. Rg3 h4 24. Rg2 Nxg2 25. Kxg2 f5 26. exf5 gxf5 {Accuracy: White = 10%, Black = 85%.} 0-1

[Event "3rd Memorial Hulak 2018"]
[Site "Zagreb"]
[Date "2018.12.05"]
[Round "5.8"]
[White "Bender, Ivan"]
[Black "Yankelevich, Lev"]
[Result "0-1"]
[WhiteElo "2252"]
[BlackElo "2441"]
[Annotator "TA"]
[PlyCount "52"]
[EventDate "2018.11.26"]
[EventCountry "CRO"]
[SourceTitle "playchess.com"]
[Source "ChessBase"]
[SourceQuality "1"]

{[%evp 18,52,70,64,65,45,45,33,31,36,38,37,46,-123,-114,-117,-62,-187,-179,-256,-254,-279,-259,-316,-313,-543,-546,-674,-547,-1008,-1000,-987,-990,-971,-977,-927,-940]} 1. d4 Nf6 2. c4 c5 3. d5 g6 4. Nc3 Bg7 5. e4 d6 6. Nf3 O-O 7. h3 e6 8. Bd3 Na6 9. O-O Re8 10. Bf4 {LiveBook: 3 Games. E90: King's Indian: Classical: Early deviations and 6 h3} (10. Bg5 h6 11. Be3 Nc7 12. Qd2 h5 13. Bg5 e5 14. Nh4 Qd7 15. f4 exf4 16. Bxf4 Nh7 17. Nf3 a6 18. Rae1 {1-0 (28) Laznicka,V (2671)-Hamitevici,V (2508) Brest 2018}) 10... Nc7 11. a4 e5 12. Be3 {White is slightly better.} Na6 $146 ({Predecessor:} 12... Nh5 13. Qd2 f5 14. Bg5 Bf6 15. Bxf6 Qxf6 16. Qh6 f4 17. Nb5 Na6 18. Kh2 {0-1 (61) Zhukova,N (2435)-Videnova,I (2301) Gaziantep 2012}) 13. Qd2 Nb4 14. Bb1 Rf8 15. Nxe5 $2 {[#]} (15. Na2 $14 {stays ahead.}) 15... dxe5 $17 16. Bxc5 {[%mdl 64] Double Attack} a5 17. Bxb4 (17. Bxf8 $15 Bxf8 18. Qg5) 17... axb4 $19 18. Nb5 {[#]} (18. Na2 {was worth a try.}) 18... Nh5 $1 19. Qxb4 Nf4 20. Ra3 Qg5 {[%csl Gf4][%cal Rg5g2]} 21. g4 $2 (21. Rg3 {only move.} Ne2+ {[%mdl 64] Double Attack} 22. Kh2 Nxg3 23. fxg3) 21... h5 {[%cal Bh7h5,Bh5h4][%mdl 32] Black is clearly winning.} 22. Re1 Bd7 23. Rg3 h4 24. Rg2 Nxg2 25. Kxg2 f5 26. exf5 gxf5 {Accuracy: White = 17%, Black = 90%.} 0-1